| 000 | 01282nam a2200337 a 4500 | ||
|---|---|---|---|
| 001 | 000113928 | ||
| 003 | CHAP | ||
| 005 | 20220624180139.0 | ||
| 008 | 171009s2017 mx sm |||||||spa d | ||
| 010 | _a110389 | ||
| 011 | _a111361 | ||
| 040 | _cCHAP | ||
| 090 | _aTesis | ||
| 100 | 1 |
_aLópez Vázquez, Diana Edith _9133698 |
|
| 245 | 1 | 0 |
_aObtención y caracterización de inulina presente en dos variantes de maguey (Agave salmiana L.) de Otumba. Estado de México _h[En línea] _cpor Diana Edith López Vazquez. |
| 260 |
_aChapingo, Méx. : _bEl autor, _c2017. |
||
| 500 | _aPara ver el contenido del material haga clic en la liga | ||
| 502 | _aTesis (Ing. Agroindustrial ) -- UACH. Departamento de Ingeniería Agroindutrial | ||
| 590 |
_aBATCH-UPD _b05 _c20171009 _lUCH01 _h1142 |
||
| 590 |
_aE6339RRR _b05 _c20171009 _lUCH01 _h1142 |
||
| 590 |
_aE6339RRR _b05 _c20171009 _lUCH01 _h1144 |
||
| 590 |
_aE6339RRR _b05 _c20171009 _lUCH01 _h1145 |
||
| 650 | 1 | 4 |
_aAgave mapisaga _xSubproductos. _9133700 |
| 650 | 1 | 4 |
_aAgave salmiana _xSubproductos. _9133699 |
| 650 | 1 | 4 |
_aAlimentos funcionales. _9133702 |
| 650 | 1 | 4 |
_aInulina _xIdentificación. _9133701 |
| 856 |
_aFinding aid _uhttp://10.13.5.2/tesis/sist113928.pdf _zTeclea aquí |
||
| 901 | _aBK | ||
| 942 | _cTESIS | ||
| 942 | _n0 | ||
| 999 |
_c110389 _d110389 |
||